[Event "DSJ Weihnachtsturnier U20w 2020"]
[Site "https://play.chessbase.com/en/play?room=DSJWeihnachtU20w"]
[Date "2020.12.29"]
[Round "5"]
[White "Rössling, Laura Marie"]
[Black "Neumeier, Valentina"]
[Result "1-0"]
[Termination "normal"]
[Board "9.3"]
[WhiteElo "991"]
[BlackElo "986"]
[WhiteTeam "Schachzwerge Magdeburg"]
[BlackTeam "SK Kelheim 1920"]
[PlyCount "73"]
[WhiteFideId "16289471"]
[BlackFideId "34608222"]
[EventRounds "7"]
[EventType "team-swiss"]
[EventDate "2020.12.29"]

1. e4 {[%emt 0:00:06]} e5 {[%emt 0:00:02]} 2. Nf3 {[%emt 0:00:05]} Nc6 { [%emt
0:00:02]} 3. Bc4 {[%emt 0:00:05]} Nf6 {[%emt 0:00:03]} 4. Ng5 {[%emt 0: 00:04]}
d5 {[%emt 0:00:02]} 5. exd5 {[%emt 0:00:05]} Na5 {[%emt 0:00:02]} 6. Bb5+
{[%emt 0:00:05]} c6 {[%emt 0:00:01]} 7. dxc6 {[%emt 0:00:10]} bxc6 { [%emt
0:00:01]} 8. Qf3 {[%emt 0:00:05]} Bd7 {[%emt 0:00:34]} 9. Bd3 {[%emt 0: 00:37]}
h6 {[%emt 0:00:13]} 10. Ne4 {[%emt 0:00:23]} Nxe4 {[%emt 0:00:37]} 11. Qxe4
{[%emt 0:00:08]} Bd6 {[%emt 0:00:18]} 12. O-O {[%emt 0:00:10]} Qb6 { [%emt
0:00:25]} 13. Nc3 {[%emt 0:00:39]} Rc8 {[%emt 0:00:18]} 14. Na4 {[%emt 0:
00:20]} Qc7 {[%emt 0:00:10]} 15. b4 {[%emt 0:00:05]} Nb7 {[%emt 0:00:10]} 16.
Rb1 {[%emt 0:00:24]} f5 {[%emt 0:00:13]} 17. Qh4 {[%emt 0:00:25]} Be7 {[%emt 0:
00:17]} 18. Qh5+ {[%emt 0:00:08]} Kf8 {[%emt 0:00:12]} 19. Bxf5 {[%emt 0:00:25]
} Be8 {[%emt 0:00:57]} 20. Qf3 {[%emt 0:00:29]} Rb8 {[%emt 0:00:21]} 21. Be6+ {
[%emt 0:00:14]} Bf6 {[%emt 0:00:19]} 22. Ba3 {[%emt 0:00:20]} Qe7 {[%emt 0:00:
32]} 23. b5 {[%emt 0:00:14]} Nd6 {[%emt 0:00:21]} 24. Qd3 {[%emt 0:00:33]} Rd8
{[%emt 0:00:21]} 25. bxc6 {[%emt 0:00:50]} Bxc6 {[%emt 0:00:14]} 26. Bc4 {
[%emt 0:00:34]} Bxa4 {[%emt 0:00:12]} 27. Rb4 {[%emt 0:00:57]} Be8 {[%emt 0:00:
28]} 28. Rb8 {[%emt 0:01:11]} Nb5 {[%emt 0:00:59]} 29. Bxe7+ {[%emt 0:00:10]}
Bxe7 {[%emt 0:00:07]} 30. Rxd8 {[%emt 0:00:14]} Bxd8 {[%emt 0:00:06]} 31. Qxd8
{[%emt 0:00:02]} Nd4 {[%emt 0:00:10]} 32. Re1 {[%emt 0:00:06]} Nc6 {[%emt 0:00:
25]} 33. Qd6+ {[%emt 0:00:05]} Ne7 {[%emt 0:00:13]} 34. Rxe5 {[%emt 0:00:13]}
Bf7 {[%emt 0:00:37]} 35. Qxe7+ {[%emt 0:00:17]} Kg8 {[%emt 0:00:05]} 36. Qxf7+
{[%emt 0:00:03]} Kh7 {[%emt 0:00:06]} 37. Bd3# {[%emt 0:00:02]} 1-0

[Event "DSJ Weihnachtsturnier U20w 2020"]
[Site "https://play.chessbase.com/en/play?room=DSJWeihnachtU20w"]
[Date "2020.12.29"]
[Round "5"]
[White "Weiß, Sara"]
[Black "Nönnig, Lotte"]
[Result "0-1"]
[Termination "time forfeit"]
[Board "9.4"]
[WhiteElo "783"]
[BlackElo "768"]
[WhiteTeam "SK Kelheim 1920"]
[BlackTeam "Schachzwerge Magdeburg"]
[PlyCount "42"]
[WhiteFideId "34628436"]
[BlackFideId "34611509"]
[EventRounds "7"]
[EventType "team-swiss"]
[EventDate "2020.12.29"]

1. d4 {[%emt 0:00:48]} d5 { [%emt 0:00:03]} 2. e3 {[%emt 0:00:24]} Nc6 {[%emt
0:00:02]} 3. Nc3 {[%emt 0:00: 05]} Nf6 {[%emt 0:00:04]} 4. Bb5 {[%emt 0:00:20]}
a6 {[%emt 0:00:03]} 5. Bd3 { [%emt 0:00:03]} Bg4 {[%emt 0:00:05]} 6. f3 {[%emt
0:00:04]} Be6 {[%emt 0:00:07] } 7. f4 {[%emt 0:00:03]} Bd7 {[%emt 0:00:12]} 8.
f5 {[%emt 0:00:04]} Nb4 { [%emt 0:00:07]} 9. Bc4 {[%emt 0:00:09]} dxc4 {[%emt
0:00:03]} 10. e4 {[%emt 0: 00:15]} Nxe4 {[%emt 0:00:05]} 11. Qe2 {[%emt
0:00:02]} Nxc3 {[%emt 0:00:07]} 12. bxc3 {[%emt 0:00:05]} Bxf5 {[%emt 0:00:10]}
13. Kd1 {[%emt 0:00:07]} Nxc2 { [%emt 0:00:04]} 14. Qd3 {[%emt 0:00:02]} Nxa1
{[%emt 0:00:04]} 15. Qxc4 { [%emt 0:00:01]} Nc2 {[%emt 0:00:12]} 16. Ne2 {[%emt
0:00:11]} Ne3+ {[%emt 0:00: 10]} 17. Kd2 {[%emt 0:01:06]} Nxc4+ {[%emt
0:00:03]} 18. Kd1 {[%emt 0:00:07]} Qd6 {[%emt 0:00:07]} 19. Bf4 {[%emt
0:00:08]} Qe6 {[%emt 0:00:18]} 20. d5 { [%emt 0:00:05]} Qxd5+ {[%emt 0:00:14]}
21. Nd4 {[%emt 0:00:07]} Qxg2 {[%emt 0: 00:16] TimeW

[Event "DSJ Weihnachtsturnier U20w 2020"]
[Site "https://play.chessbase.com/en/play?room=DSJWeihnachtU20w"]
[Date "2020.12.29"]
[Round "5"]
[White "Reich, Elisabeth"]
[Black "Cizek, Veronika"]
[Result "1-0"]
[Termination "normal"]
[Board "10.1"]
[WhiteElo "1191"]
[BlackElo "998"]
[WhiteTeam "ATSV Oberkotzau"]
[BlackTeam "SC Garching 1980 2"]
[PlyCount "105"]
[WhiteFideId "16239776"]
[EventRounds "7"]
[EventType "team-swiss"]
[EventDate "2020.12.29"]

1. e4 {[%emt 0:00:17]} e5 {[%emt 0:00:08]} 2. Nf3 {[%emt 0:00:02]} Nc6 { [%emt
0:00:02]} 3. d4 {[%emt 0:00:03]} exd4 {[%emt 0:00:03]} 4. c3 {[%emt 0:00: 02]}
dxc3 {[%emt 0:00:04]} 5. Bc4 {[%emt 0:00:03]} cxb2 {[%emt 0:00:06]} 6. Bxb2
{[%emt 0:00:02]} Nf6 {[%emt 0:00:09]} 7. Qb3 {[%emt 0:00:09]} Bb4+ { [%emt
0:00:53]} 8. Nbd2 {[%emt 0:00:04]} O-O {[%emt 0:00:05]} 9. O-O {[%emt 0:
00:02]} d6 {[%emt 0:00:15]} 10. Rad1 {[%emt 0:00:14]} Qe8 {[%emt 0:00:31]} 11.
Bxf6 {[%emt 0:00:08]} gxf6 {[%emt 0:00:08]} 12. h3 {[%emt 0:00:02]} Be6 { [%emt
0:00:07]} 13. Bxe6 {[%emt 0:00:10]} Qxe6 {[%emt 0:00:06]} 14. Qb2 { [%emt
0:00:04]} Bc5 {[%emt 0:00:15]} 15. Qxb7 {[%emt 0:00:14]} Qd7 {[%emt 0:00: 20]}
16. Qb2 {[%emt 0:00:04]} Rfe8 {[%emt 0:00:13]} 17. Qxf6 {[%emt 0:00:13]} Qe6
{[%emt 0:00:33]} 18. Qb2 {[%emt 0:00:20]} Nb4 {[%emt 0:00:30]} 19. a3 { [%emt
0:00:22]} Nd3 {[%emt 0:00:11]} 20. Qc3 {[%emt 0:00:04]} Bxf2+ {[%emt 0: 00:13]}
21. Rxf2 {[%emt 0:00:02]} Nxf2 {[%emt 0:00:03]} 22. Kxf2 {[%emt 0:00: 01]} Rab8
{[%emt 0:00:28]} 23. Qxc7 {[%emt 0:00:19]} Qa2 {[%emt 0:00:32]} 24. Kg1 {[%emt
0:00:05]} Rb1 {[%emt 0:00:14]} 25. Rxb1 {[%emt 0:00:09]} Qxa3 { [%emt 0:00:17]}
26. Rb8 {[%emt 0:00:25]} Rxb8 {[%emt 0:00:39]} 27. Qxb8+ { [%emt 0:00:04]} Kg7
{[%emt 0:00:02]} 28. Qb5 {[%emt 0:00:10]} Qe3+ {[%emt 0:00: 46]} 29. Kh1 {[%emt
0:00:06]} Qf2 {[%emt 0:00:12]} 30. Qg5+ {[%emt 0:00:06]} Kf8 {[%emt 0:00:05]}
31. Qd8+ {[%emt 0:00:08]} Kg7 {[%emt 0:00:05]} 32. Qxd6 { [%emt 0:00:08]} f6
{[%emt 0:00:14]} 33. Qe7+ {[%emt 0:00:04]} Kg6 {[%emt 0:00: 02]} 34. Qe8+
{[%emt 0:00:06]} Kh6 {[%emt 0:00:08]} 35. Qf7 {[%emt 0:00:20]} Qg3 {[%emt
0:00:12]} 36. Qxf6+ {[%emt 0:00:06]} Kh5 {[%emt 0:00:03]} 37. Qf7+ { [%emt
0:00:08]} Kh6 {[%emt 0:00:08]} 38. Qxa7 {[%emt 0:00:06]} Qf2 {[%emt 0:00: 14]}
39. Qxf2 {[%emt 0:00:07]} Kg6 {[%emt 0:00:04]} 40. Qg3+ {[%emt 0:00:08]} Kf6
{[%emt 0:00:05]} 41. Qg5+ {[%emt 0:00:04]} Ke6 {[%emt 0:00:05]} 42. Qf5+ {
[%emt 0:00:05]} Kd6 {[%emt 0:00:02]} 43. Nc4+ {[%emt 0:00:02]} Kc6 {[%emt 0:00:
03]} 44. Qd5+ {[%emt 0:00:02]} Kc7 {[%emt 0:00:04]} 45. Nd4 {[%emt 0:00:04]} h6
{[%emt 0:00:06]} 46. Qc6+ {[%emt 0:00:02]} Kd8 {[%emt 0:00:05]} 47. Ne6+ {
[%emt 0:00:03]} Ke7 {[%emt 0:00:03]} 48. Qd6+ {[%emt 0:00:01]} Kf6 {[%emt 0:00:
04]} 49. Nf8+ {[%emt 0:00:12]} Kf7 {[%emt 0:00:06]} 50. Ne5+ {[%emt 0:00:06]}
Kg7 {[%emt 0:00:05]} 51. Qe7+ {[%emt 0:00:06]} Kg8 {[%emt 0:00:04]} 52. Qf7+ {
[%emt 0:00:05]} Kh8 {[%emt 0:00:03]} 53. Qh7# {[%emt 0:00:04]} 1-0

[Event "DSJ Weihnachtsturnier U20w 2020"]
[Site "https://play.chessbase.com/en/play?room=DSJWeihnachtU20w"]
[Date "2020.12.29"]
[Round "5"]
[White "Bobkova, Mariya"]
[Black "Hergenröder, Cora"]
[Result "0-1"]
[Termination "normal"]
[Board "10.2"]
[WhiteElo "842"]
[BlackElo "1489"]
[WhiteTeam "SC Garching 1980 2"]
[BlackTeam "ATSV Oberkotzau"]
[PlyCount "42"]
[BlackFideId "34603700"]
[EventRounds "7"]
[EventType "team-swiss"]
[EventDate "2020.12.29"]

1. e4 {[%emt 0:00:21]} d5 {[%emt 0:00:04]} 2. exd5 {[%emt 0:00:03]} Qxd5 {
[%emt 0:00:01]} 3. Nc3 {[%emt 0:00:01]} Qd6 {[%emt 0:00:00]} 4. Nf3 {[%emt 0:
00:03]} Nf6 {[%emt 0:00:03]} 5. Bc4 {[%emt 0:00:03]} Bg4 {[%emt 0:00:04]} 6.
O-O {[%emt 0:00:05]} Qc6 {[%emt 0:00:25]} 7. Be2 {[%emt 0:00:35]} Qd7 {[%emt 0:
00:15]} 8. Bb5 {[%emt 0:00:08]} Nc6 {[%emt 0:00:10]} 9. d4 {[%emt 0:00:19]} a6
{[%emt 0:00:08]} 10. Bxc6 {[%emt 0:00:19]} Qxc6 {[%emt 0:00:22]} 11. d5 { [%emt
0:00:07]} Qd6 {[%emt 0:00:16]} 12. Qd3 {[%emt 0:00:19]} O-O-O {[%emt 0: 00:39]}
13. Re1 {[%emt 0:00:17]} Nxd5 {[%emt 0:00:21]} 14. Be3 {[%emt 0:00:54]} Bxf3
{[%emt 0:00:08]} 15. Ba7 {[%emt 0:00:10]} Bh5 {[%emt 0:00:47]} 16. Ne4 { [%emt
0:00:13]} Qd7 {[%emt 0:00:43]} 17. Ng5 {[%emt 0:00:06]} Nf4 {[%emt 0:00: 21]}
18. Qe4 {[%emt 0:00:54]} Qg4 {[%emt 0:00:34]} 19. Rad1 {[%emt 0:00:31]} Rxd1
{[%emt 0:00:06]} 20. h3 {[%emt 0:01:08]} Rxe1+ {[%emt 0:00:06]} 21. Qxe1 {
[%emt 0:00:12]} Qxg2# {[%emt 0:00:02]} 0-1

[Event "DSJ Weihnachtsturnier U20w 2020"]
[Site "https://play.chessbase.com/en/play?room=DSJWeihnachtU20w"]
[Date "2020.12.29"]
[Round "5"]
[White "Köppel, Clementine"]
[Black "Clarke-Griebsch, Elisa"]
[Result "1-0"]
[Termination "normal"]
[Board "10.3"]
[WhiteElo "1244"]
[BlackElo "966"]
[WhiteTeam "ATSV Oberkotzau"]
[BlackTeam "SC Garching 1980 2"]
[PlyCount "123"]
[WhiteFideId "34605819"]
[EventRounds "7"]
[EventType "team-swiss"]
[EventDate "2020.12.29"]

1. e4 {[%emt 0:00:15]} e5 {[%emt 0:00:13]} 2. Nf3 { [%emt 0:00:02]} Nc6 {[%emt
0:00:03]} 3. d4 {[%emt 0:00:10]} exd4 {[%emt 0:00: 04]} 4. Nxd4 {[%emt
0:00:06]} Bc5 {[%emt 0:00:12]} 5. Be3 {[%emt 0:00:14]} d5 { [%emt 0:00:04]} 6.
Nxc6 {[%emt 0:00:04]} bxc6 {[%emt 0:00:04]} 7. Bxc5 { [%emt 0:00:02]} Nf6
{[%emt 0:00:17]} 8. e5 {[%emt 0:00:08]} Ne4 {[%emt 0:00:07] } 9. Bd4 {[%emt
0:00:23]} Bf5 {[%emt 0:00:09]} 10. Nc3 {[%emt 0:00:06]} Nxc3 { [%emt 0:00:03]}
11. Bxc3 {[%emt 0:00:08]} O-O {[%emt 0:00:09]} 12. Bd3 { [%emt 0:00:03]} Bxd3
{[%emt 0:00:03]} 13. Qxd3 {[%emt 0:00:04]} Qg5 {[%emt 0: 00:15]} 14. O-O {[%emt
0:00:06]} Rfe8 {[%emt 0:00:08]} 15. Rae1 {[%emt 0:00:11] } Re6 {[%emt 0:00:05]}
16. Re2 {[%emt 0:00:30]} Rf6 {[%emt 0:00:05]} 17. e6 { [%emt 0:00:19]} Rg6
{[%emt 0:00:15]} 18. g3 {[%emt 0:00:08]} h6 {[%emt 0:00:03] } 19. e7 {[%emt
0:00:06]} Re6 {[%emt 0:00:30]} 20. Rxe6 {[%emt 0:00:29]} fxe6 { [%emt 0:00:04]}
21. Bb4 {[%emt 0:00:11]} a5 {[%emt 0:00:19]} 22. Bc5 {[%emt 0: 00:07]
Garchin2-003 offers a draw} Re8 {[%emt 0:00:44]} 23. Qc3 {[%emt 0:00:14] } Qf6
{[%emt 0:00:40]} 24. Qxa5 {[%emt 0:00:15]} Qxb2 {[%emt 0:00:06]} 25. Qxc7
{[%emt 0:00:06]} Qxc2 {[%emt 0:00:04]} 26. Bd6 {[%emt 0:00:11]} Qxa2 {[%emt 0:
00:56]} 27. Qd7 {[%emt 0:00:08]} Qa8 {[%emt 0:00:07]} 28. Qxe6+ {[%emt 0:00:09]
} Kh8 {[%emt 0:00:17]} 29. Bc5 {[%emt 0:00:33]} Qc8 {[%emt 0:00:17]} 30. Qxc8 {
[%emt 0:00:10]} Rxc8 {[%emt 0:00:03]} 31. Re1 {[%emt 0:00:01]} Re8 {[%emt 0:00:
02]} 32. Re6 {[%emt 0:00:06]} Kg8 {[%emt 0:00:15]} 33. Rd6 {[%emt 0:00:10]} Kf7
{[%emt 0:00:02]} 34. Rd7 {[%emt 0:00:07]} Ke6 {[%emt 0:00:05]} 35. Ra7 { [%emt
0:00:06]} g5 {[%emt 0:00:21]} 36. Kf1 {[%emt 0:00:03]} h5 {[%emt 0:00:06] } 37.
Ke2 {[%emt 0:00:04]} h4 {[%emt 0:00:04]} 38. gxh4 {[%emt 0:00:02]} gxh4 { [%emt
0:00:02]} 39. Ke3 {[%emt 0:00:03]} h3 {[%emt 0:00:03]} 40. f4 {[%emt 0: 00:02]}
Kf6 {[%emt 0:00:12]} 41. Kf3 {[%emt 0:01:11]} Ke6 {[%emt 0:00:05]} 42. Kg4
{[%emt 0:00:03]} Kf6 {[%emt 0:00:05]} 43. f5 {[%emt 0:00:03]} Kf7 {[%emt 0:
00:06]} 44. Kg5 {[%emt 0:00:03]} Kg7 {[%emt 0:00:05]} 45. f6+ {[%emt 0:00:02]}
Kf7 {[%emt 0:00:03]} 46. Rc7 {[%emt 0:00:11]} Ke6 {[%emt 0:00:05]} 47. Rxc6+ {
[%emt 0:00:04]} Kf7 {[%emt 0:00:02]} 48. Rc7 {[%emt 0:00:12]} d4 {[%emt 0:00:
03]} 49. Bxd4 {[%emt 0:00:03]} Ke6 {[%emt 0:00:03]} 50. Bc5 {[%emt 0:00:04]}
Kf7 {[%emt 0:00:04]} 51. Rd7 {[%emt 0:00:06]} Ke6 {[%emt 0:00:04]} 52. Rd8 {
[%emt 0:00:08]} Kf7 {[%emt 0:00:02]} 53. Rxe8 {[%emt 0:00:06]} Kxe8 {[%emt 0:
00:02]} 54. Kg6 {[%emt 0:00:02]} Kd7 {[%emt 0:00:02]} 55. f7 {[%emt 0:00:04]}
Kc6 {[%emt 0:00:06]} 56. e8=Q+ {[%emt 0:00:07]} Kxc5 {[%emt 0:00:03]} 57. f8=Q+
{[%emt 0:00:04]} Kd4 {[%emt 0:00:02]} 58. Qf1 {[%emt 0:00:05]} Kc3 {[%emt 0:00:
05]} 59. Qd1 {[%emt 0:00:03]} Kc4 {[%emt 0:00:03]} 60. Qc8+ {[%emt 0:00:02]}
Kb4 {[%emt 0:00:03]} 61. Qb1+ {[%emt 0:00:02]} Ka3 {[%emt 0:00:02]} 62. Qa8# {
[%emt 0:00:02]

[Event "DSJ Weihnachtsturnier U20w 2020"]
[Site "https://play.chessbase.com/en/play?room=DSJWeihnachtU20w"]
[Date "2020.12.29"]
[Round "5"]
[White "Desabhatla, Sahasra"]
[Black "Leuchsenring, Delia"]
[Result "0-1"]
[Termination "normal"]
[Board "10.4"]
[WhiteElo "705"]
[BlackElo "1061"]
[WhiteTeam "SC Garching 1980 2"]
[BlackTeam "ATSV Oberkotzau"]
[PlyCount "40"]
[BlackFideId "34605304"]
[EventRounds "7"]
[EventType "team-swiss"]
[EventDate "2020.12.29"]

1. e4 {[%emt 0:05:58]} e5 { [%emt 0:00:08]} 2. Nf3 {[%emt 0:00:00]} Nf6 {[%emt
0:00:04]} 3. Nc3 {[%emt 0: 00:10]} Nc6 {[%emt 0:00:07]} 4. Bc4 {[%emt 0:00:20]}
Nxe4 {[%emt 0:00:07]} 5. d3 {[%emt 0:00:16]} Nxc3 {[%emt 0:00:03]} 6. bxc3
{[%emt 0:00:04]} d5 {[%emt 0: 00:03]} 7. Bb5 {[%emt 0:00:39]} Bd7 {[%emt
0:00:05]} 8. O-O {[%emt 0:00:32]} Bd6 {[%emt 0:00:08]} 9. h3 {[%emt 0:00:02]}
O-O {[%emt 0:00:04]} 10. Be3 { [%emt 0:00:12]} Qf6 {[%emt 0:00:12]} 11. Bxc6
{[%emt 0:00:05]} bxc6 {[%emt 0: 00:04]} 12. Rb1 {[%emt 0:00:14]} Qg6 {[%emt
0:00:07]} 13. g3 {[%emt 0:00:09]} e4 {[%emt 0:00:18]} 14. dxe4 {[%emt 0:00:03]}
dxe4 {[%emt 0:00:03]} 15. Nh4 { [%emt 0:00:07]} Qe6 {[%emt 0:00:10]} 16. Qh5
{[%emt 0:00:21]} Qxh3 {[%emt 0:00: 22]} 17. Bd4 {[%emt 0:00:39]} Bg4 {[%emt
0:00:38]} 18. Qg5 {[%emt 0:00:07]} f6 {[%emt 0:00:32] .} 19. Qd2 {[%emt
0:00:33]} Bf3 {[%emt 0:00:08] .} 20. Qe3 { [%emt 0:00:02]} Qh1# {[%emt 0:00:07]

[Event "DSJ Weihnachtsturnier U20w 2020"]
[Site "https://play.chessbase.com/en/play?room=DSJWeihnachtU20w"]
[Date "2020.12.29"]
[Round "5"]
[White "Obst, Daria"]
[Black "Ruckes, Lilly"]
[Result "1-0"]
[Termination "normal"]
[Board "11.1"]
[WhiteElo "1205"]
[BlackElo "845"]
[WhiteTeam "SC Papenburg 2"]
[BlackTeam "Schachzwerge Magdeburg 2"]
[PlyCount "79"]
[BlackFideId "34600825"]
[EventRounds "7"]
[EventType "team-swiss"]
[EventDate "2020.12.29"]

1. e4 {[%emt 0:00:06]} e5 {[%emt 0:00:03]} 2. Nf3 {[%emt 0:00:02]} Nc6 { [%emt
0:00:04]} 3. Nc3 {[%emt 0:00:04]} Bc5 {[%emt 0:00:06]} 4. Bb5 {[%emt 0: 00:24]}
Nd4 {[%emt 0:00:26]} 5. Nxd4 {[%emt 0:00:24]} Bxd4 {[%emt 0:00:04]} 6. Bc4
{[%emt 0:00:15]} Qf6 {[%emt 0:00:06]} 7. O-O {[%emt 0:00:03]} d6 {[%emt 0:
00:21]} 8. Nd5 {[%emt 0:00:08]} Qd8 {[%emt 0:00:29]} 9. Qf3 {[%emt 0:00:42]} c6
{[%emt 0:00:11]} 10. Nc3 {[%emt 0:00:12]} d5 {[%emt 0:00:07]} 11. exd5 { [%emt
0:00:11]} Nf6 {[%emt 0:00:11]} 12. dxc6 {[%emt 0:00:18]} O-O {[%emt 0:00: 03]}
13. cxb7 {[%emt 0:00:15]} Bg4 {[%emt 0:00:04]} 14. Qd3 {[%emt 0:00:30]} Rb8
{[%emt 0:00:12]} 15. Ne4 {[%emt 0:00:54]} Rxb7 {[%emt 0:00:23]} 16. Nxf6+ {
[%emt 0:00:06]} Qxf6 {[%emt 0:00:02]} 17. Qe4 {[%emt 0:00:16]} Bf5 {[%emt 0:00:
06]} 18. Qxb7 {[%emt 0:00:27]} h6 {[%emt 0:00:15]} 19. d3 {[%emt 0:00:29]} Be6
{[%emt 0:00:23]} 20. Bd5 {[%emt 0:01:13]} e4 {[%emt 0:00:29]} 21. Bxe6 { [%emt
0:01:07]} Qxe6 {[%emt 0:00:26]} 22. Qxe4 {[%emt 0:00:09]} Qd6 {[%emt 0: 00:12]}
23. c3 {[%emt 0:00:05]} Be5 {[%emt 0:00:18]} 24. f4 {[%emt 0:00:17]} f5 {[%emt
0:00:32]} 25. Qc4+ {[%emt 0:00:12]} Rf7 {[%emt 0:00:14]} 26. Be3 { [%emt
0:00:10]} Qf6 {[%emt 0:00:44]} 27. d4 {[%emt 0:00:29]} Bd6 {[%emt 0:00: 39]}
28. Rae1 {[%emt 0:00:10]} Kh7 {[%emt 0:00:08]} 29. Bd2 {[%emt 0:00:09]} g5
{[%emt 0:00:14]} 30. Re6 {[%emt 0:00:08]} Qd8 {[%emt 0:00:15]} 31. fxg5 { [%emt
0:00:08]} hxg5 {[%emt 0:00:04]} 32. Bxg5 {[%emt 0:00:09]} Qxg5 {[%emt 0:
00:05]} 33. Rxd6 {[%emt 0:00:01]} Qe3+ {[%emt 0:00:12]} 34. Kh1 {[%emt 0:00:05]
} Rg7 {[%emt 0:00:13]} 35. Qe6 {[%emt 0:00:16]} Qg5 {[%emt 0:00:06]} 36. g3 {
[%emt 0:00:06]} f4 {[%emt 0:00:21]} 37. Rxf4 {[%emt 0:00:03]} Rg6 {[%emt 0:00:
08]} 38. Qf7+ {[%emt 0:00:05]} Rg7 {[%emt 0:00:03]} 39. Rh4+ {[%emt 0:00:02]}
Qh6 {[%emt 0:00:07]} 40. Rdxh6# {[%emt 0:00:02]} 1-0